Mozart's librettos /

Bibliographic Details
Main Author: Mozart, Wolfgang Amadeus, 1756-1791
Format: Book
Language:English
German
Italian
Published: New York : Meridian Books, [1961]
Series:Meridian books, M80
Subjects:

MARC

Tag First Indicator Second Indicator Subfields
LEADER 00000cam a2200000 4500
001 in00000028757
005 20151007062827.0
008 730723s1961 nyu 00010 eng u
010 |a  61009157  
035 |a (OCoLC)00660607 
035 |9 AAD5886AM 
040 |c DAY  |d TXA  |d UtOrBLW 
041 1 |a eng  |a ger  |a ita 
049 |a TXAM  |c [336567] 
050 0 0 |a ML49.M83  |b P3 
092 |a 782.12  |b M939 
100 1 |a Mozart, Wolfgang Amadeus,  |d 1756-1791. 
240 1 0 |a Operas. Librettos. English, German & Italian 
245 1 0 |a Mozart's librettos /  |c translated by Robert Pack and Marjorie Lelash [with the original German and Italian texts facing the translations]. 
264 1 |a New York :  |b Meridian Books,  |c [1961] 
300 |a 480 pages ;  |c 18 cm. 
336 |a text  |b txt  |2 rdacontent 
337 |a unmediated  |b n  |2 rdamedia 
338 |a volume  |b nc  |2 rdacarrier 
490 0 |a Meridian books, M80 
500 |a Includes an introduction and synopsis to each opera, and a selected discography. 
505 0 |a The abduction from the Seraglio.- The marriage of Figaro.- Don Giovanni.- Cosi fan tutte.- The magic flute. 
536 |a From the Howard Mayer Brown, Edward Downes and Mary Schieffelin book collections, October 2004. 
650 0 |a Operas  |y To 1800  |x Librettos. 
999 |a MARS 
999 f f |s 953f2d67-8d88-3ca9-b976-ab6e90fcb323  |i daa0b3a6-858a-30a2-bab7-5f0586089855  |t 0 
952 f f |p ric  |a Texas A&M University  |b Rellis Campus  |c Joint Library Facility  |d Remote Storage  |t 0  |e ML49.M83 P3  |h Library of Congress classification  |i unmediated -- volume  |m A14801170986 
998 f f |a ML49.M83 P3  |t 0  |l Remote Storage